Santes Creus, panteó reial / (Record n. 20956)

Dettagli MARC
000 -LEADER
fixed length control field 00789nam a2200229 i 4500
003 - CONTROL NUMBER IDENTIFIER
control field IT-RoINE
005 - DATE AND TIME OF LATEST TRANSACTION
control field 20171030110955.0
008 - FIXED-LENGTH DATA ELEMENTS--GENERAL INFORMATION
fixed length control field 911121s1967 sp |r 000|||cat|d
040 ## - CATALOGING SOURCE
Original cataloging agency NIC
Transcribing agency DLC IT-RoINE
Modifying agency DLC
-- IT-RoINE
100 1# - MAIN ENTRY--PERSONAL NAME
Personal name Folch, Artemi,
Dates associated with a name 1908-1979
9 (RLIN) 41230
245 10 - TITLE STATEMENT
Title Santes Creus, panteó reial /
Statement of responsibility, etc Artemi Folch.
260 ## - PUBLICATION, DISTRIBUTION, ETC. (IMPRINT)
Place of publication, distribution, etc Barcelona :
Name of publisher, distributor, etc Rafael Dalmau,
Date of publication, distribution, etc c1967.
300 ## - PHYSICAL DESCRIPTION
Extent 60 p. ;
Dimensions 17 cm.
336 ## - CONTENT TYPE
Source rdacontent
Content type term text
337 ## - MEDIA TYPE
Source rdamedia
Media type term unmediated
338 ## - CARRIER TYPE
Source rdacarrier
Carrier type term volume
490 1# - SERIES STATEMENT
Series statement Episodis de la història ;
Volume number/sequential designation 91
610 24 - SUBJECT ADDED ENTRY--CORPORATE NAME
Corporate name or jurisdiction name as entry element Monasterio de Santes Creus (Tarragona, España)
9 (RLIN) 41231
651 #4 - SUBJECT ADDED ENTRY--GEOGRAPHIC NAME
Geographic name Cataluña (España)
General subdivision Historia
Chronological subdivision Siglos 13o.-14o.
9 (RLIN) 41232
830 #0 - SERIES ADDED ENTRY--UNIFORM TITLE
9 (RLIN) 13650
Uniform title Episodis de la història (Rafael Dalmau) ;
Volume number/sequential designation 91
942 ## - ADDED ENTRY ELEMENTS (KOHA)
Item type Monografías
Dati di copia
Withdrawn status Lost status Damaged status Not for loan Home library Current library Shelving location Date acquired Total Checkouts Full call number Barcode Date last seen Price effective from Koha item type
        Iglesia Nacional Española en Roma Iglesia Nacional Española en Roma Depósito 30/10/2017   COL.D 24.91 45420 30/10/2017 30/10/2017 Monografías